Body Parts Based on Their Anatomical Terms - Statistics

General Stats
  • This quiz has been taken 109 times
  • The average score is 12 of 20
Answer Stats
Anatomical term Body part % Correct
buccal cheek/mouth
92%
nasal nose
92%
oral mouth
91%
pectoral chest/breast
87%
pedal foot
86%
abdominal/coeliac abdomen
76%
brachial arm
68%
dorsal back
66%
otic ear
63%
mammary breast
62%
cephalic head
62%
umbilical navel
62%
pelvic pelvis
58%
crural leg/thigh
48%
axillary armpit
41%
plantar sole
38%
frontal forehead
28%
costal ribs
27%
sural calf
25%
inguinal groin
20%
No matching quizzes found
Score Distribution
Percent of People with Each Score
Percentile by Number Answered
Your Score History
You have not taken this quiz